<?xml version="1.0" encoding="UTF-8"?>
<record
    xmlns:xsi="http://www.w3.org/2001/XMLSchema-instance"
    xsi:schemaLocation="http://www.loc.gov/MARC21/slim http://www.loc.gov/standards/marcxml/schema/MARC21slim.xsd"
    xmlns="http://www.loc.gov/MARC21/slim">

  <leader>01820nam a22002297a 4500</leader>
  <controlfield tag="005">20241205115720.0</controlfield>
  <controlfield tag="008">241205b           ||||| |||| 00| 0 eng d</controlfield>
  <datafield tag="020" ind1=" " ind2=" ">
    <subfield code="a">9789395696074</subfield>
  </datafield>
  <datafield tag="040" ind1=" " ind2=" ">
    <subfield code="c">AL</subfield>
  </datafield>
  <datafield tag="041" ind1=" " ind2=" ">
    <subfield code="a">English</subfield>
  </datafield>
  <datafield tag="082" ind1=" " ind2=" ">
    <subfield code="2">23</subfield>
    <subfield code="a">344.046</subfield>
    <subfield code="b">UKEH</subfield>
  </datafield>
  <datafield tag="100" ind1=" " ind2=" ">
    <subfield code="a">Dilip Ukey and others</subfield>
    <subfield code="9">187874</subfield>
  </datafield>
  <datafield tag="245" ind1=" " ind2=" ">
    <subfield code="a">Handbook of International Environmental Law</subfield>
  </datafield>
  <datafield tag="260" ind1=" " ind2=" ">
    <subfield code="a">Bangalore</subfield>
    <subfield code="b">Thomson Reuters</subfield>
    <subfield code="c">2023</subfield>
  </datafield>
  <datafield tag="300" ind1=" " ind2=" ">
    <subfield code="a">xli,523 p.</subfield>
    <subfield code="b">HB</subfield>
    <subfield code="c">24.5x16 cm.</subfield>
  </datafield>
  <datafield tag="365" ind1=" " ind2=" ">
    <subfield code="a">1060</subfield>
    <subfield code="b">&#x20B9;1095.00</subfield>
    <subfield code="c">&#x20B9;</subfield>
    <subfield code="d">&#x20B9;1500.00</subfield>
    <subfield code="e">27%</subfield>
    <subfield code="f">28-11-2024</subfield>
  </datafield>
  <datafield tag="520" ind1=" " ind2=" ">
    <subfield code="a">The discourse of International Environmental Law has been vibrant. Considering the developments in the field and the nature of the subject, there is a need to research, read and write critically about the policy, practice and issues relating to international environmental law. A Handbook of International Environmental Law brings together chapters written by academics, scholars, practioners and industry experts from the global south. It is an attempt to view both international law and environmental issues through an interdisciplinary approach. The contributors explore the key foundational principles, governance structures, environmental studies, international relations, politics, philosophy and principles of international environmental law. They discuss in detail the niche areas of international environmental law, including climate change, intellectual property, trade, technology, atmospheric protection, oceans and waste regulation, among others. The book will be a good resource for advanced undergraduate and postgraduate students, Ph.D. scholars, academics and practitioners of international environmental law.</subfield>
  </datafield>
  <datafield tag="650" ind1=" " ind2=" ">
    <subfield code="a">International Environmental Law</subfield>
    <subfield code="9">187868</subfield>
  </datafield>
  <datafield tag="700" ind1=" " ind2=" ">
    <subfield code="a">UKEY (Dilip) Ed</subfield>
    <subfield code="9">187869</subfield>
  </datafield>
  <datafield tag="700" ind1=" " ind2=" ">
    <subfield code="a">VARIATH (Anil G) Ed</subfield>
    <subfield code="9">187870</subfield>
  </datafield>
  <datafield tag="942" ind1=" " ind2=" ">
    <subfield code="2">ddc</subfield>
    <subfield code="c">REF</subfield>
  </datafield>
  <datafield tag="999" ind1=" " ind2=" ">
    <subfield code="c">232100</subfield>
    <subfield code="d">232100</subfield>
  </datafield>
  <datafield tag="952" ind1=" " ind2=" ">
    <subfield code="0">0</subfield>
    <subfield code="1">0</subfield>
    <subfield code="2">ddc</subfield>
    <subfield code="4">0</subfield>
    <subfield code="7">3</subfield>
    <subfield code="8">Law</subfield>
    <subfield code="a">LL</subfield>
    <subfield code="b">LL</subfield>
    <subfield code="d">2024-12-03</subfield>
    <subfield code="e">MPP House,Bengaluru</subfield>
    <subfield code="g">1095.00</subfield>
    <subfield code="l">0</subfield>
    <subfield code="o">344.046 UKEH</subfield>
    <subfield code="p">LL000273</subfield>
    <subfield code="r">2024-12-05 00:00:00</subfield>
    <subfield code="v">1500.00</subfield>
    <subfield code="w">2024-12-05</subfield>
    <subfield code="y">REF</subfield>
  </datafield>
  <datafield tag="952" ind1=" " ind2=" ">
    <subfield code="0">0</subfield>
    <subfield code="1">0</subfield>
    <subfield code="2">ddc</subfield>
    <subfield code="4">0</subfield>
    <subfield code="7">3</subfield>
    <subfield code="8">Law</subfield>
    <subfield code="a">LL</subfield>
    <subfield code="b">LL</subfield>
    <subfield code="d">2024-12-03</subfield>
    <subfield code="e">MPP House,Bengaluru</subfield>
    <subfield code="g">1095.00</subfield>
    <subfield code="l">0</subfield>
    <subfield code="o">344.046 UKEH</subfield>
    <subfield code="p">LL000274</subfield>
    <subfield code="r">2024-12-05 00:00:00</subfield>
    <subfield code="v">1500.00</subfield>
    <subfield code="w">2024-12-05</subfield>
    <subfield code="y">REF</subfield>
  </datafield>
  <datafield tag="952" ind1=" " ind2=" ">
    <subfield code="0">0</subfield>
    <subfield code="1">0</subfield>
    <subfield code="2">ddc</subfield>
    <subfield code="4">0</subfield>
    <subfield code="7">3</subfield>
    <subfield code="8">Law</subfield>
    <subfield code="a">LL</subfield>
    <subfield code="b">LL</subfield>
    <subfield code="d">2024-12-03</subfield>
    <subfield code="e">MPP House,Bengaluru</subfield>
    <subfield code="g">1095.00</subfield>
    <subfield code="l">0</subfield>
    <subfield code="o">344.046 UKEH</subfield>
    <subfield code="p">LL000275</subfield>
    <subfield code="r">2024-12-05 00:00:00</subfield>
    <subfield code="v">1500.00</subfield>
    <subfield code="w">2024-12-05</subfield>
    <subfield code="y">REF</subfield>
  </datafield>
</record>
